[Event "POL-ch Universities"]
[Site "Bydgoszcz"]
[Date "2023.03.10"]
[Round "1"]
[White "Chodorowski, Adrian"]
[Black "Marczuk, Dominik"]
[Result "0-1"]
[WhiteElo "1373"]
[BlackElo "2253"]
[PlyCount "62"]
[EventDate "2023.03.10"]
[EventType "swiss"]
[EventRounds "9"]
[EventCountry "POL"]
[SourceTitle "CBM 213 Extra"]
[Source "ChessBase"]
[SourceDate "2023.05.31"]
[SourceVersion "1"]
[SourceVersionDate "2023.05.31"]
[SourceQuality "1"]

1. e4 c5 2. Nf3 Nc6 3. d4 cxd4 4. Nxd4 g6 5. Nc3 Bg7 6. Be3 Nf6 7. Be2 0-0 8. f3 d5 9. exd5 Nxd5 10. Nxd5 Qxd5 11. c3 Nxd4 12. Bxd4 Bxd4 13. Qxd4 Qxd4 14. cxd4 Rd8 15. Rd1 Be6 16. b3 Rac8 17. 0-0 Rc2 18. Rfe1 Rxa2 19. Bc4 Bxc4 20. bxc4 e6 21. d5 exd5 22. cxd5 Kf8 23. Rc1 Rxd5 24. Rc8+ Kg7 25. h3 Rdd2 26. g4 Rg2+ 27. Kh1 Rh2+ 28. Kg1 Rxh3 29. Rc7 Rg3+ 30. Kh1 Rxf3 31. Kg1 Ra4 0-1

[Event "POL Cup op rapid"]
[Site "Lodz"]
[Date "2021.08.07"]
[Round "1"]
[White "Chodorowski, Adrian"]
[Black "Kuzmicz, Krystian"]
[Result "0-1"]
[WhiteElo "1380"]
[BlackElo "2469"]
[PlyCount "20"]
[EventDate "2021.08.07"]
[EventType "swiss (rapid)"]
[EventRounds "9"]
[EventCountry "POL"]
[SourceTitle "CBM 203 Extra"]
[Source "ChessBase"]
[SourceDate "2021.09.30"]
[SourceVersion "1"]
[SourceVersionDate "2021.09.30"]
[SourceQuality "1"]

1. e4 c5 2. Nf3 e6 3. d4 cxd4 4. Nxd4 Nf6 5. Bd3 Nc6 6. Nxc6 bxc6 7. 0-0 e5 8. c4 Bc5 9. Qe2 Qb6 10. Nc3 Bd4 0-1

[Event "POL-chT Academic"]
[Site "Katowice"]
[Date "2020.11.14"]
[Round "5.21"]
[White "Rudnik, Anna"]
[Black "Chodorowski, Adrian"]
[Result "1/2-1/2"]
[WhiteElo "1799"]
[BlackElo "1428"]
[PlyCount "59"]
[EventDate "2020.11.14"]
[EventType "team-swiss (rapid)"]
[EventRounds "9"]
[EventCountry "POL"]
[SourceTitle "CBM 199 Extra"]
[Source "ChessBase"]
[SourceDate "2021.01.31"]
[SourceVersion "1"]
[SourceVersionDate "2021.01.31"]
[SourceQuality "1"]
[WhiteTeam "Katowice Slaski Univ"]
[BlackTeam "Rszeszow Politechnika"]
[WhiteTeamCountry "POL"]
[BlackTeamCountry "POL"]

1. e4 c5 2. Nf3 Nc6 3. d4 cxd4 4. Nxd4 g6 5. c3 Bg7 6. Be3 Nf6 7. Nd2 0-0 8. Be2 d6 9. 0-0 Bd7 10. Kh1 Nxd4 11. cxd4 d5 12. e5 Ne4 13. Nxe4 dxe4 14. Qc2 Bc6 15. Rad1 Bd5 16. b3 Rc8 17. Qb1 e6 18. Rc1 Qh4 19. Rxc8 Rxc8 20. Rc1 Rd8 21. Rc7 Bh6 22. g3 Qh3 23. Bf1 Qf5 24. Qe1 Bxe3 25. fxe3 Bc6 26. b4 a6 27. Kg1 Qg5 28. Qf2 Rd7 29. Rc8+ Kg7 30. h4 1/2-1/2

[Event "EU-chT U18"]
[Site "Rymanow Zdroj"]
[Date "2017.08.21"]
[Round "5.10"]
[White "Chodorowski, Adrian"]
[Black "Subelj, Jan"]
[Result "0-1"]
[WhiteElo "1330"]
[BlackElo "2120"]
[PlyCount "98"]
[EventDate "2017.08.17"]
[EventType "team-swiss"]
[EventRounds "7"]
[EventCountry "POL"]
[SourceTitle "CBM 180 Extra"]
[Source "ChessBase"]
[SourceDate "2017.10.06"]
[SourceVersion "1"]
[SourceVersionDate "2017.10.06"]
[SourceQuality "1"]
[WhiteTeam "Poland U18 V"]
[BlackTeam "Slovenia U18"]
[WhiteTeamCountry "POL"]
[BlackTeamCountry "SLO"]

1. e4 e5 2. Nf3 Nc6 3. Nc3 Nf6 4. Bb5 Bd6 5. 0-0 0-0 6. d3 a6 7. Ba4 h6 8. Be3 Re8 9. h3 Bf8 10. a3 d6 11. Bb3 Be6 12. Bxe6 Rxe6 13. Nd5 Re8 14. Nxf6+ Qxf6 15. Qd2 Rad8 16. Rad1 d5 17. exd5 Rxd5 18. Qc1 Kh7 19. Rfe1 Qd8 20. Nh2 g5 21. f3 f5 22. Bf2 Bg7 23. Nf1 Rf8 24. Ne3 Rd7 25. Qb1 Qf6 26. c3 Kh8 27. Qc2 Rfd8 28. Re2 Ne7 29. Nc4 Ng6 30. Red2 b5 31. Na5 Re8 32. Nb3 Nf4 33. Nc5 Rde7 34. Re1 Qg6 35. d4 exd4 36. Rxe7 Rxe7 37. Bxd4 Bxd4+ 38. cxd4 Re1+ 39. Kh2 c6 40. Nd3 Nxd3 41. Qxd3 h5 42. Re2 Qd6+ 43. g3 h4 44. Rg2 hxg3+ 45. Rxg3 Qf4 46. Qc2 Qxd4 47. Rxg5 Qe5+ 48. f4 Re2+ 49. Kg3 Qe3+ 0-1